[Event "AGAH III"]
[Site "SchemingMind.com"]
[Date "2020.03.18"]
[Round "-"]
[White "Robert Hatfield"]
[Black "AussieMossie"]
[Result "0-1"]
[WhiteCountry "USA"]
[BlackCountry "AUS"]
[WhiteElo "1833"]
[WhiteRD "74"]
[BlackElo "2516"]
[BlackRD "98"]
[GameID "452505"]

1. a3 e5 2. e4 Nf6 3. Nc3 Bc5 4. Be2 d5 5. exd5 Nxd5 6. Nf3 Nxc3 7. bxc3 e4 8. Nd4 Qg5 9. Kf1 Qf6 10. d3 Nc6
11. Be3 Be6 12. Kg1 Nxd4 13. cxd4 Bxd4 14. Bxd4 Qxd4 15. dxe4 O-O-O 16. h3 Qxe4 17. Bd3 Qf4 18. Qf1 Bf5 19. Bxf5+ Qxf5
0-1

[Event "AGAH III"]
[Site "SchemingMind.com"]
[Date "2020.03.18"]
[Round "-"]
[White "AussieMossie"]
[Black "Robert Hatfield"]
[Result "1-0"]
[WhiteCountry "AUS"]
[BlackCountry "USA"]
[WhiteElo "2516"]
[WhiteRD "98"]
[BlackElo "1833"]
[BlackRD "74"]
[GameID "452506"]

1. a3 e5 2. c4 a5 3. Nc3 Nf6 4. Nf3 Nc6 5. e3 Be7 6. d4 exd4 7. exd4 d5 8. h3 O-O 9. Bd3 Re8 10. O-O h6
11. Be3 Be6 12. c5 Qd7 13. Bb5 Qc8 14. Ne5 Nxe5 15. Bxe8 Nc4 16. Bb5 Nxe3 17. fxe3 c6 18. Bd3 Qd7 19. Qc2 Re8 20. b4 Nh5
21. Rf3 Bh4 22. bxa5 Ng3 23. Rb1 Ra8 24. Qb2
1-0

[Event "AGAH III"]
[Site "SchemingMind.com"]
[Date "2020.03.24"]
[Round "-"]
[White "echecs"]
[Black "Steven DuCharme"]
[Result "1-0"]
[WhiteCountry "ENG"]
[BlackCountry "USA"]
[WhiteElo "1775"]
[WhiteRD "75"]
[BlackElo "1576"]
[BlackRD "56"]
[GameID "452609"]

1. a3 a5 2. e4 b6 3. Nf3 Bb7 4. Nc3 e6 5. d4 h6 6. Be3 Ne7 7. Bd3 g6 8. O-O Bg7 9. Re1 f5 10. e5 Nd5
11. Nxd5 Bxd5 12. c4 Bc6 13. Qd2 Bxf3 14. gxf3 Nc6 15. f4 d5 16. b3 O-O 17. Red1 dxc4 18. Bxc4 Qe7 19. Qc2 Rfc8 20. d5 Nxe5
21. fxe5 Bxe5 22. Rac1 Qh4 23. f3 Kh7 24. dxe6 f4 25. Rd7+ Kh8 26. Qxg6 Qg5+ 27. Qxg5 hxg5 28. Bd4 Bxd4+ 29. Rxd4 Kg7 30. Rd7+
1-0

[Event "AGAH III"]
[Site "SchemingMind.com"]
[Date "2020.03.24"]
[Round "-"]
[White "Steven DuCharme"]
[Black "echecs"]
[Result "1-0"]
[WhiteCountry "USA"]
[BlackCountry "ENG"]
[WhiteElo "1599"]
[WhiteRD "55"]
[BlackElo "1704"]
[BlackRD "82"]
[GameID "452610"]

1. a3 e5 2. b3 d6 3. Bb2 Nf6 4. g3 Be7 5. Bg2 O-O 6. d3 c6 7. Nd2 Nbd7 8. Ngf3 Nc5 9. O-O Ne6 10. h3 Bd7
11. c4 a6 12. e3 Qc8 13. Ne4 Nxe4 14. dxe4 Nc5 15. Nd2 Bxh3 16. Qe2 Bxg2 17. Kxg2 Qe6 18. f4 f6 19. f5 Qf7 20. b4 Na4
21. Rab1 Nxb2 22. Rxb2 b5 23. g4 g5 24. Rh1 Kg7 25. Kg3 Rh8 26. Qh2 h6 27. Qh5 Rh7 28. cxb5 axb5 29. Nb1 Qxh5 30. Rxh5 Bf8
31. Rc2 Ra6 32. Kf2 Kf7 33. Rh1 Ke7 34. Rhc1 Kd7 35. Nc3 h5 36. Nd5 Bg7 37. a4 hxg4 38. Kg3 Rh3+ 39. Kxg4 Rh4+ 40. Kf3 Rh3+
41. Kg2 Rh8 42. axb5 Ra7 43. Rxc6 Rg8 44. Rc7+ Rxc7 45. Rxc7+ Kd8 46. b6
1-0

[Event "AGAH III"]
[Site "SchemingMind.com"]
[Date "2020.03.24"]
[Round "-"]
[White "JAHI"]
[Black "theredguard"]
[Result "1-0"]
[WhiteCountry "INT"]
[BlackCountry "USA"]
[WhiteElo "2039"]
[WhiteRD "66"]
[BlackElo "1360"]
[BlackRD "96"]
[GameID "452666"]

1. a3 Nc6 2. g3 Ne5 3. Bg2 c6 4. d3 d5 5. Bf4 Ng6 6. c3 e5 7. Be3 f5 8. a4 Bd6 9. Na3 Nf6 10. h3 Be6
11. Bg5 O-O 12. Qc2 h6 13. Bxf6 Qxf6 14. Nf3 e4 15. Nd4 Bd7 16. e3 Ne5 17. Rd1 Nxd3+ 18. Rxd3 exd3 19. Qxd3 Rae8 20. Kd1 c5
21. Bxd5+
1-0

[Event "AGAH III"]
[Site "SchemingMind.com"]
[Date "2020.03.24"]
[Round "-"]
[White "theredguard"]
[Black "JAHI"]
[Result "0-1"]
[WhiteCountry "USA"]
[BlackCountry "INT"]
[WhiteElo "1654"]
[WhiteRD "139"]
[BlackElo "1992"]
[BlackRD "69"]
[GameID "452667"]

1. a3 f6 2. e4 e6 3. f4 d6 4. Qh5+ g6 5. Qd1 e5 6. Nf3 Bg4 7. Bc4 Bg7 8. h3 Bxf3 9. Qxf3 Ne7 10. f5 Nd7
11. g4 Bh6 12. Nc3 Nc6 13. h4 Nd4 14. Qg3 Bf4
0-1

[Event "AGAH III"]
[Site "SchemingMind.com"]
[Date "2020.04.04"]
[Round "-"]
[White "Mitch The Man"]
[Black "ray winteringham"]
[Result "0-1"]
[WhiteCountry "USA"]
[BlackCountry "ENG"]
[WhiteElo "1391"]
[WhiteRD "68"]
[BlackElo "1499"]
[BlackRD "48"]
[GameID "453163"]

1. a3 e5 2. e4 Nf6 3. Nc3 a6 4. Nge2 g6 5. Ng3 d6 6. Be2 Bg7 7. O-O Be6 8. d3 Nc6 9. Bd2 O-O 10. b4 Ne7
11. Nb1 c6 12. Nc3 Nd7 13. Be3 d5 14. Na4 f5 15. Nc5 Nxc5 16. Bxc5 Rf7 17. Bxe7 Qxe7 18. f3 f4 19. Nh1 c5 20. Qd2 b5
21. Nf2 d4 22. Rab1 Qd6 23. Rb2 Rfa7 24. Nh1 a5 25. bxc5 Qxc5 26. Ra1 Bf8 27. Nf2 a4 28. Rb4 Qc8 29. Rxb5 Rb7 30. Rxb7 Qxb7
31. Qc1 Qc8 32. Rb1 Qc3 33. h3 Bxa3 34. Qd1 Bb2 35. Ng4 Ba2 36. Nf6+ Kf7 37. Nd5 Qa3 38. Rxb2 Qxb2 39. Kh2 Bxd5 40. exd5 a3
0-1

[Event "AGAH III"]
[Site "SchemingMind.com"]
[Date "2020.04.04"]
[Round "-"]
[White "ray winteringham"]
[Black "Mitch The Man"]
[Result "1-0"]
[WhiteCountry "ENG"]
[BlackCountry "USA"]
[WhiteElo "1499"]
[WhiteRD "48"]
[BlackElo "1391"]
[BlackRD "68"]
[GameID "453164"]

1. a3 e5 2. e4 Be7 3. Nf3 Bf6 4. d3 Ne7 5. Be3 O-O 6. Nc3 c6 7. Be2 b5 8. b4 Bb7 9. Rb1 Na6 10. O-O d5
11. exd5 Nxd5 12. Ne4 Nxe3 13. fxe3 Bc8 14. c3 Bg4 15. Nfd2 Bxe2 16. Qxe2 Be7 17. Nf2 Qd7 18. Rfd1 g6 19. e4 Nc7 20. Nf3 Bd6
21. d4 Qe7 22. h3 a6 23. Qd2 f6 24. dxe5 fxe5 25. Ng4 Rf4 26. Qxd6 Qxd6 27. Rxd6 Rxe4 28. Nf6+
1-0

[Event "AGAH III"]
[Site "SchemingMind.com"]
[Date "2020.04.09"]
[Round "-"]
[White "Paul7926"]
[Black "John Hamer"]
[Result "0-1"]
[WhiteCountry "ENG"]
[BlackCountry "ENG"]
[WhiteElo "1428"]
[WhiteRD "68"]
[BlackElo "1941"]
[BlackRD "66"]
[GameID "453165"]

1. a3 e5 2. e4 Nf6 3. c4 Nxe4 4. Qf3 Nf6 5. Nc3 Nc6 6. d3 Nd4 7. Qd1 Bc5 8. b4 Be7 9. Nf3 O-O 10. Nxe5 Re8
11. Be3 Nf5 12. Be2 d6 13. Nf3 d5 14. cxd5 Nxd5 15. Nxd5 Qxd5 16. O-O Bf6 17. Rc1 Nxe3 18. fxe3 Rxe3 19. Rxc7 Bf5 20. Rc5 Qd7
21. Qd2 Rae8 22. Re1 Bg4 23. h3 Bd4 24. Nxd4 Qxd4 25. Kh1 Bd7 26. Rc4 Qd5 27. Rc5 Rxh3+ 28. Kg1 Qd4+
0-1

[Event "AGAH III"]
[Site "SchemingMind.com"]
[Date "2020.04.09"]
[Round "-"]
[White "John Hamer"]
[Black "Paul7926"]
[Result "1-0"]
[WhiteCountry "ENG"]
[BlackCountry "ENG"]
[WhiteElo "1941"]
[WhiteRD "66"]
[BlackElo "1428"]
[BlackRD "68"]
[GameID "453166"]

1. a3 e5 2. c4 Nf6 3. Nc3 Bd6 4. Nf3 O-O 5. d3 c6 6. e4 a6 7. Bg5 Bc5 8. Nxe5 d6 9. Nf3 Nbd7 10. d4 Bb6
11. Bd3 Qe8 12. O-O Qe6 13. Re1 h6 14. Bd2 Re8 15. Rc1 c5 16. e5 dxe5 17. dxe5 Nxe5 18. Rxe5 Qd6 19. Ne4 Qxd3 20. Nxf6+ gxf6
21. Rxe8+ Kg7 22. Bxh6+
1-0

[Event "AGAH III"]
[Site "SchemingMind.com"]
[Date "2020.04.04"]
[Round "-"]
[White "Chessibelle"]
[Black "AussieMossie"]
[Result "0-1"]
[WhiteCountry "ENG"]
[BlackCountry "AUS"]
[WhiteElo "1111"]
[WhiteRD "53"]
[BlackElo "2522"]
[BlackRD "81"]
[GameID "453167"]

1. a3 e5 2. e4 Nf6 3. Nf3 Nxe4 4. d3 Nf6 5. Nxe5 d5 6. b4 a5 7. c3 Bd6 8. f4 axb4 9. cxb4 Bxb4+ 10. axb4 Rxa1
11. Nc3 Qd6 12. Qb3 Rxc1+ 13. Kd2 Ra1 14. Ke3 Qb6+ 15. d4 Nc6 16. Ne2 O-O 17. Qb2 Nxe5 18. fxe5 Ng4+ 19. Kf3 Qg6 20. Nf4 Qe4+
21. Kg3 Qe3+ 22. Kh4 Qxf4 23. g3 Qh6#
0-1

[Event "AGAH III"]
[Site "SchemingMind.com"]
[Date "2020.04.04"]
[Round "-"]
[White "AussieMossie"]
[Black "Chessibelle"]
[Result "1-0"]
[WhiteCountry "AUS"]
[BlackCountry "ENG"]
[WhiteElo "2522"]
[WhiteRD "81"]
[BlackElo "1111"]
[BlackRD "53"]
[GameID "453168"]

1. a3 e5 2. e4 Nc6 3. Nf3 d6 4. d4 d5 5. exd5 Qxd5 6. Nc3 Qd6 7. d5 Nce7 8. Nb5 Qd7 9. Nxe5 Qd8 10. d6 Qd7
11. Nxc7+ Kd8 12. Nxf7#
1-0

[Event "AGAH III"]
[Site "SchemingMind.com"]
[Date "2020.04.04"]
[Round "-"]
[White "Kenny Elliott"]
[Black "Geoffrey Rosser"]
[Result "0-1"]
[WhiteCountry "USA"]
[BlackCountry "ENG"]
[WhiteElo "1625"]
[WhiteRD "65"]
[BlackElo "1949"]
[BlackRD "61"]
[GameID "453169"]

1. a3 e5 2. e4 Nf6 3. Nc3 Be7 4. Nf3 Nc6 5. Be2 O-O 6. O-O d5 7. exd5 Nxd5 8. Nxd5 Qxd5 9. c4 Qd6 10. d3 Nd4
11. Nxd4 Qxd4 12. Be3 Qxb2 13. a4 f5 14. Rb1 Qa3 15. Ra1 Qd6 16. Qc2 f4 17. c5 Qg6 18. Bxf4 exf4 19. Bf3 Bf5 20. Rad1 Rad8
21. Be4 Bxe4 22. dxe4 f3 23. g3 Qg4 24. Qb3+ Kh8 25. Rxd8 Bxd8 26. Rd1 Qxe4 27. a5 Be7 28. Qc3 Qf5 29. Kh1 Bxc5 30. Qb2 b6
31. axb6 cxb6 32. Qd2 h6
0-1

[Event "AGAH III"]
[Site "SchemingMind.com"]
[Date "2020.04.04"]
[Round "-"]
[White "Geoffrey Rosser"]
[Black "Kenny Elliott"]
[Result "1-0"]
[WhiteCountry "ENG"]
[BlackCountry "USA"]
[WhiteElo "1949"]
[WhiteRD "61"]
[BlackElo "1625"]
[BlackRD "65"]
[GameID "453170"]

1. a3 e5 2. e4 Nf6 3. Nc3 Be7 4. Nf3 Nc6 5. d4 exd4 6. Nxd4 Nxd4 7. Qxd4 O-O 8. Bd3 b6 9. e5 Ne8 10. Qe4 Rb8
11. Qxh7#
1-0

[Event "AGAH III"]
[Site "SchemingMind.com"]
[Date "2020.04.04"]
[Round "-"]
[White "Derek Price"]
[Black "splinter"]
[Result "1-0"]
[WhiteCountry "ENG"]
[BlackCountry "CAN"]
[WhiteElo "2299"]
[WhiteRD "79"]
[BlackElo "1866"]
[BlackRD "71"]
[GameID "453171"]

1. a3 g6 2. e4 Bg7 3. Nf3 Nc6 4. Nc3 d6 5. d4 Bg4 6. Be3 e5 7. d5 Nce7 8. h3 Bd7 9. Bc4 Nf6 10. O-O O-O
11. Qd3 Ne8 12. Rfe1 f5 13. Ng5 f4 14. Bd2 h6 15. Ne6 Bxe6 16. dxe6 Nf6 17. Rad1 g5 18. Nd5 Nfxd5 19. exd5 Nf5 20. Qe4 Qf6
21. Bc3 h5 22. Be2 Qh6 23. Qc4 Rac8 24. Qa4 Nh4 25. Qxa7 f3 26. Bxf3 Nxf3+ 27. gxf3 Rxf3 28. Qxb7 Re8 29. Qxc7 g4 30. Rd3 Qg6
31. h4 Bf8 32. Bb4 Re7 33. Qxd6 Rxf2 34. Qxe5 Rxc2 35. Bxe7 Qxd3 36. Bxf8
1-0

[Event "AGAH III"]
[Site "SchemingMind.com"]
[Date "2020.04.05"]
[Round "-"]
[White "splinter"]
[Black "Derek Price"]
[Result "0-1"]
[WhiteCountry "CAN"]
[BlackCountry "ENG"]
[WhiteElo "1850"]
[WhiteRD "71"]
[BlackElo "2317"]
[BlackRD "80"]
[GameID "453172"]

1. a3 Nf6 2. c4 e6 3. Nf3 b6 4. d4 Bb7 5. Nc3 d5 6. Bg5 Be7 7. e3 Nbd7 8. cxd5 Nxd5 9. Bxe7 Qxe7 10. Qc2 Nxc3
11. Qxc3 Rc8 12. Be2 O-O 13. O-O c5 14. dxc5 Rxc5 15. Qb4 a5 16. Qb3 Rfc8 17. Rfd1 Bd5 18. Qa4 Nf6 19. Qh4 Bb3 20. Re1 e5
21. Nd2 Bd5 22. Nf3 h6 23. g4 Qe6 24. g5 Rc4 25. Bxc4 Rxc4 26. Nd4 exd4 27. exd4 Qf5 28. gxf6 Qf3
0-1

[Event "AGAH III"]
[Site "SchemingMind.com"]
[Date "2020.05.12"]
[Round "-"]
[White "ray winteringham"]
[Black "John Hamer"]
[Result "1/2-1/2"]
[WhiteCountry "ENG"]
[BlackCountry "ENG"]
[WhiteElo "1485"]
[WhiteRD "47"]
[BlackElo "1941"]
[BlackRD "66"]
[GameID "455046"]

1. a3 d5 2. d4 Nf6 3. e3 Bf5 4. Bd3 Bg6 5. Bxg6 fxg6 6. Nf3 e6 7. Bd2 Bd6 8. Nc3 O-O 9. Qe2 Nc6 10. h3 e5
11. O-O Re8 12. dxe5 Bxe5 13. Nxe5 Rxe5 14. Nb5 Re6 15. Rad1 Ne4 16. Nc3 Qd7 17. Nxe4 Rxe4 18. Bc3 Rd8 19. b4 Re6 20. Bd4 Re4
21. Qf3 Rf8 22. Qg3 Rd8 23. f3 Ree8=
1/2-1/2

[Event "AGAH III"]
[Site "SchemingMind.com"]
[Date "2020.05.12"]
[Round "-"]
[White "John Hamer"]
[Black "ray winteringham"]
[Result "1-0"]
[WhiteCountry "ENG"]
[BlackCountry "ENG"]
[WhiteElo "1941"]
[WhiteRD "66"]
[BlackElo "1485"]
[BlackRD "47"]
[GameID "455047"]

1. a3 e5 2. c4 g6 3. Nc3 Bg7 4. g3 d6 5. Bg2 c6 6. Nf3 Ne7 7. d4 exd4 8. Nxd4 O-O 9. O-O Nf5 10. Nb3 Bxc3
11. bxc3 Be6 12. e4 Ng7 13. c5 Ne8 14. Bh6 Ng7 15. cxd6 Nd7 16. Nd4 Bc4 17. Re1 Re8 18. Rb1 Ba6 19. Bh3 Ne5 20. f4 Nc4
21. d7 Re7 22. Bg5 Qxd7 23. Bxd7
1-0

[Event "AGAH III"]
[Site "SchemingMind.com"]
[Date "2020.06.22"]
[Round "-"]
[White "Steven DuCharme"]
[Black "JAHI"]
[Result "0-1"]
[WhiteCountry "USA"]
[BlackCountry "INT"]
[WhiteElo "1559"]
[WhiteRD "64"]
[BlackElo "2104"]
[BlackRD "67"]
[GameID "456937"]

1. a3 f6 2. b4 f5 3. Bb2 Nf6 4. g3 g6 5. Bg2 Bg7 6. Nf3 d6 7. O-O h6 8. d3 h5 9. Nbd2 h4 10. e4 h3
11. Bh1 e6 12. exf5 gxf5 13. Ng5 e5 14. Qf3 Bh6 15. Qxb7 Bxb7 16. Bxb7 Nbd7 17. Ndf3 Rb8 18. Ne6 Qe7 19. Nxc7+ Kd8 20. Nd5 Qe8
21. Bc6 Nxd5 22. Bxd5 Nb6 23. c4 Nxd5 24. cxd5 Qh5 25. Bc3 Qxf3
0-1

[Event "AGAH III"]
[Site "SchemingMind.com"]
[Date "2020.06.23"]
[Round "-"]
[White "JAHI"]
[Black "Steven DuCharme"]
[Result "1-0"]
[WhiteCountry "INT"]
[BlackCountry "USA"]
[WhiteElo "2063"]
[WhiteRD "70"]
[BlackElo "1568"]
[BlackRD "59"]
[GameID "456938"]

1. a3 a5 2. g3 b5 3. Bg2 Ra6 4. d3 g6 5. h3 Bg7 6. h4 h6 7. Nh3 d5 8. c3 Bb7 9. c4 bxc4 10. dxc4 c6
11. Nc3 Bxc3+ 12. bxc3 dxc4 13. Rb1 Qxd1+ 14. Kxd1 Ra7 15. Be3
1-0

[Event "AGAH III"]
[Site "SchemingMind.com"]
[Date "2020.07.16"]
[Round "-"]
[White "Geoffrey Rosser"]
[Black "Derek Price"]
[Result "0-1"]
[WhiteCountry "ENG"]
[BlackCountry "ENG"]
[WhiteElo "1887"]
[WhiteRD "60"]
[BlackElo "2319"]
[BlackRD "79"]
[GameID "457868"]

1. a3 Nf6 2. Nf3 d5 3. b4 e6 4. e3 Nbd7 5. Bb2 a5 6. Be2 axb4 7. O-O c6 8. axb4 Rxa1 9. Bxa1 Bxb4 10. c3 Bd6
11. c4 dxc4 12. Bxc4 b5 13. Bb3 O-O 14. d4 Bb7 15. Nbd2 Qc7 16. e4 Be7 17. e5 Nd5 18. Ne4 c5 19. dxc5 Nxc5 20. Nxc5 Bxc5
21. Ng5 h6 22. Ne4 Ne3 23. Nf6+ gxf6 24. fxe3 Bxe3+ 25. Kh1 Kh8 26. Qd3 Qc6 27. Rf3 Qxf3
0-1

[Event "AGAH III"]
[Site "SchemingMind.com"]
[Date "2020.07.16"]
[Round "-"]
[White "Derek Price"]
[Black "Geoffrey Rosser"]
[Result "1-0"]
[WhiteCountry "ENG"]
[BlackCountry "ENG"]
[WhiteElo "2319"]
[WhiteRD "79"]
[BlackElo "1887"]
[BlackRD "60"]
[GameID "457869"]

1. a3 c5 2. g3 d5 3. Bg2 e5 4. d3 Nf6 5. Nf3 Nc6 6. O-O Be7 7. Nbd2 O-O 8. c4 dxc4 9. Nxc4 Qc7 10. b3 e4
11. dxe4 Nxe4 12. Bf4 Qd7 13. Qc2 Nf6 14. Nfe5 Nxe5 15. Bxe5 Ng4 16. Rad1 Qf5 17. Qxf5 Bxf5 18. Bxb7 Nxe5 19. Nxe5 Rab8 20. Bd5 Bf6
21. Nc6 Rbe8 22. e3 Bh3 23. Rfe1 a5 24. Rc1 Bd7 25. Rxc5 Bxc6 26. Bxc6 Rc8 27. Rec1 Bb2 28. R1c4 Bxa3 29. Rxa5 Bb2 30. b4 g6
31. b5 Be5 32. b6 Bb8 33. b7 Rc7 34. Rd5 Kg7 35. Rd7 Rxd7 36. Bxd7 h5 37. Rc8 g5 38. Kg2 g4 39. h3 Bd6 40. hxg4 hxg4
41. Bxg4 Kg8 42. Kf3 Kg7 43. Ke4 Kg8 44. Kd5 Bb8 45. Kc6
1-0

[Event "AGAH III"]
[Site "SchemingMind.com"]
[Date "2020.08.06"]
[Round "-"]
[White "JAHI"]
[Black "AussieMossie"]
[Result "0-1"]
[WhiteCountry "INT"]
[BlackCountry "AUS"]
[WhiteElo "2118"]
[WhiteRD "69"]
[BlackElo "2553"]
[BlackRD "68"]
[GameID "458513"]

1. a3 c5 2. g3 Nc6 3. Bg2 d5 4. d3 e5 5. a4 Be7 6. Na3 f5 7. Bd2 Nf6 8. h3 Be6 9. h4 O-O 10. h5 h6
11. e3 Bf7 12. Qf3 e4 13. dxe4 fxe4 14. Qe2 a6 15. g4 b5 16. axb5 axb5 17. Qxb5 Nxg4 18. Nh3 Nce5 19. Bc3 d4 20. exd4 cxd4
21. Rd1 Bxa3 22. bxa3 Bc4 23. Qc5 Qh4 24. Bxd4 Rac8 25. Qa7 e3 26. Bxe5 Nxe5 27. Qxe3 Rfe8 28. Kd2 Qd8+ 29. Kc1 Nd3+ 30. Kd2 Qa5+
31. c3 Rxe3 32. fxe3 Rd8 33. Bc6 Qb6 34. e4 Nf4+ 35. Bd5+ Nxd5 36. exd5 Re8 37. Kc1 Qb3 38. Rd2 Qxc3+ 39. Kb1 Rb8+ 40. Rb2 Qxb2#
0-1

[Event "AGAH III"]
[Site "SchemingMind.com"]
[Date "2020.08.06"]
[Round "-"]
[White "AussieMossie"]
[Black "JAHI"]
[Result "1-0"]
[WhiteCountry "AUS"]
[BlackCountry "INT"]
[WhiteElo "2553"]
[WhiteRD "68"]
[BlackElo "2118"]
[BlackRD "69"]
[GameID "458514"]

1. a3 f6 2. e4 b6 3. d4 Bb7 4. d5 e6 5. Nc3 e5 6. f4 d6 7. Nf3 Nd7 8. Be3 Be7 9. Bb5 a6 10. Bc6 Bxc6
11. dxc6 Nc5 12. O-O Ne6 13. f5 Ng5 14. Nxg5 fxg5 15. Qh5+ Kf8 16. f6 Bxf6 17. Bxg5 h6 18. Nd5 Qe8 19. Bxf6 gxf6 20. Qh4 Rh7
21. Rf3 Rf7 22. Raf1 Kg7 23. Nxf6 Qe7 24. Qg3+ Kh8 25. Nxg8 Rxf3 26. Nxe7 Rxg3 27. hxg3 Kg7 28. Nd5 Rc8 29. g4 b5 30. Rf6 b4
31. axb4 Rb8 32. Re6 Kf8 33. c4 h5 34. gxh5 a5 35. Re7 Rc8 36. h6 Re8 37. h7 Rxe7 38. h8=Q+ Kf7 39. Qh7+ Kf8 40. Nxe7 a4
41. Ng6+ Ke8 42. Qe7#
1-0

[Event "AGAH III"]
[Site "SchemingMind.com"]
[Date "2020.09.15"]
[Round "-"]
[White "John Hamer"]
[Black "AussieMossie"]
[Result "0-1"]
[WhiteCountry "ENG"]
[BlackCountry "AUS"]
[WhiteElo "2004"]
[WhiteRD "60"]
[BlackElo "2553"]
[BlackRD "68"]
[GameID "460050"]

1. a3 c5 2. Nf3 d5 3. e3 Nc6 4. d4 cxd4 5. exd4 Bg4 6. Be2 e6 7. O-O Bd6 8. Nc3 Nf6 9. Be3 O-O 10. h3 Bh5
11. Kh1 Rc8 12. Re1 a6 13. Nd2 Bg6 14. Nb3 Ne7 15. Bd3 Ne4 16. Bxe4 dxe4 17. Nc5 Bb8 18. Re2 Bh5 19. g4 Bg6 20. N5xe4 f5
21. gxf5 exf5 22. Nc5 Nd5 23. Re1 Nxc3 24. Bd2 Nxd1
0-1

[Event "AGAH III"]
[Site "SchemingMind.com"]
[Date "2020.09.15"]
[Round "-"]
[White "AussieMossie"]
[Black "John Hamer"]
[Result "1-0"]
[WhiteCountry "AUS"]
[BlackCountry "ENG"]
[WhiteElo "2553"]
[WhiteRD "68"]
[BlackElo "2004"]
[BlackRD "60"]
[GameID "460051"]

1. a3 d5 2. d4 Nf6 3. Nf3 e6 4. c4 c6 5. e3 Nbd7 6. b3 Ne4 7. Nbd2 f5 8. Qc2 Be7 9. Be2 O-O 10. Bb2 Bd6
11. O-O Qf6 12. g3 Qh6 13. Ne5 Bc7 14. a4 Kh8 15. Ba3 Rf6 16. Nxe4 fxe4 17. Ng4
1-0

[Event "AGAH III"]
[Site "SchemingMind.com"]
[Date "2020.09.27"]
[Round "-"]
[White "Derek Price"]
[Black "AussieMossie"]
[Result "0-1"]
[WhiteCountry "ENG"]
[BlackCountry "AUS"]
[WhiteElo "2240"]
[WhiteRD "74"]
[BlackElo "2610"]
[BlackRD "77"]
[GameID "460575"]

1. a3 c5 2. g3 d5 3. Bg2 Nc6 4. Nf3 e5 5. d3 Nf6 6. O-O Be7 7. Nbd2 O-O 8. Re1 e4 9. dxe4 dxe4 10. Ng5 e3
11. Nde4 exf2+ 12. Nxf2 Qb6 13. c4 Rd8 14. Qc2 Nd4 15. Qc3 Ng4 16. Nge4 Nxf2 17. Kxf2 f5 18. Bg5 fxe4 19. Bxe7 Re8 20. Bg5 Bg4
21. h3 Rf8+ 22. Bf4 g5 23. hxg4 gxf4 24. Bxe4 Rae8 25. Qd3 fxg3+ 26. Kxg3 Qf6 27. Kg2 Qf2+ 28. Kh3 Ne6 29. Bd5 Kh8 30. Qc3+ Rf6
31. Bxe6 Rxe6 32. Rf1 Re3+ 33. Qxe3 Qxe3+ 34. Rf3 Rh6+ 35. Kg3 Qxe2 36. Rf2 Qd3+ 37. Rf3 Qc2 38. Rf2 Qb3+ 39. Rf3 Qxb2 40. Rff1 Qh2+
41. Kf3 Qe5 42. Rh1 Rf6+ 43. Kg2 Qe2+ 44. Kh3 Qe3+ 45. Kg2 Qf2+ 46. Kh3 Rf3#
0-1

[Event "AGAH III"]
[Site "SchemingMind.com"]
[Date "2020.09.27"]
[Round "-"]
[White "AussieMossie"]
[Black "Derek Price"]
[Result "1-0"]
[WhiteCountry "AUS"]
[BlackCountry "ENG"]
[WhiteElo "2610"]
[WhiteRD "77"]
[BlackElo "2240"]
[BlackRD "74"]
[GameID "460576"]

1. a3 g6 2. d4 Bg7 3. e4 d6 4. Nc3 Nf6 5. Bg5 h6 6. Bf4 Nbd7 7. Be3 O-O 8. f3 e5 9. d5 a6 10. Qd2 Qe7
11. h4 h5 12. Nh3 Nh7 13. g4 hxg4 14. fxg4 Ndf6 15. g5 Nh5 16. Nf2 Ng3 17. Rg1 Nxf1 18. Rxf1 f5 19. exf5 gxf5 20. Qe2 f4
21. Bd2 f3 22. Qe3 Qf7 23. O-O-O Qf4 24. Qe1 Qxh4 25. Rh1 Qc4 26. Be3 a5 27. g6 Nf6 28. b3 Qa6 29. Nfe4 a4 30. Qh4 Bf5
31. Nxf6+ Rxf6 32. Qh7+ Kf8 33. Bh6 Rxg6 34. Bxg7+ Ke8 35. Bf8 Kxf8 36. Rh5 Bxc2 37. Kxc2 axb3+ 38. Kb1 Rf6 39. Qd7 Rf7 40. Qe6 Re7
41. Qf6+ Ke8 42. Rh8+ Kd7 43. Qf5+ Re6 44. Qxe6#
1-0